| 000 | 01422nam a2200217Ia 4500 | ||
|---|---|---|---|
| 003 | Ost | ||
| 005 | 20260416102402.0 | ||
| 008 | 260416s9999||||xx |||||||||||||| ||und|| | ||
| 040 | _cfsecg | ||
| 041 | _aara | ||
| 082 | _a327 | ||
| 100 |
_aبورنان، نعيمة _eمؤلف |
||
| 245 | 0 |
_aنظريات التكامل والاندماج الدوليين : _bمقدمة لطلبة السنة الثالثة ليسانس:: تخصص علاقات دولية / _c نعيمة بورنان |
|
| 260 |
_aالجزائر _bجامعة الجزائر3: كلية العلوم الإقتصادية، العلوم التجارية وعلوم التسيير _c2022 |
||
| 300 |
_a100 ورقة _bايضاحات _c12 سم |
||
| 504 | _aبيبليوغرافيا ص.94 | ||
| 520 | _aالتكامل الدولي و مستوياته ،المفاهيم المتشابكة مع مفهوم التكامل،التكامل الدولي بين الإقليمية والعولمة،نظريات و مقاربات التكامل الدولي ،نماذج تحقيق التكامل الإقليمي، نموذج التكامل بالتقليد،نموذج التكامل الذاتي،نموذج التكامل المفعل. | ||
| 653 | _aعلاقات دولية | ||
| 710 |
_aجامعة الجزائر3: كلية العلوم الإقتصادية، العلوم التجارية وعلوم التسيير _eناشر علمي |
||
| 942 | _cHANDOUT | ||
| 999 |
_c41459 _d41459 |
||